Dobrodruhům /
Autorka, herečka a cestovatelka, za dva roky navštívila dvacet zemí a rozepsala se o jejich známých i nečekaných podobách.
Uloženo v:
| Hlavní autor: | |
|---|---|
| Médium: | E-kniha |
| Jazyk: | Czech |
| Vydáno: |
V Brně :
BizBooks,
2020
|
| Vydání: | 1. vydání |
| Témata: | |
| Tagy: |
Žádné tagy |
| LEADER | 02593nam a2200601 i 4500 | ||
|---|---|---|---|
| 001 | 311141 | ||
| 003 | CZ PrSKC | ||
| 005 | 20260601215700.0 | ||
| 007 | ta | ||
| 008 | 200226s2020 xr ac e 000 1dcze | ||
| 015 | |a cnb003178043 | ||
| 020 | |a 9788026509202 |q (brožováno) : |c Kč 499,00 | ||
| 035 | |a (OCoLC)1200247561 | ||
| 040 | |a OLA001 |b cze |e rda | ||
| 043 | |a e-xr--- |a x------ | ||
| 045 | |a x8y- | ||
| 072 | 7 | |a 91 |x Geografie jako věda. Výzkum. Cestování |2 Konspekt | |
| 080 | |a 791/792.071.2-055.2 |2 MRF | ||
| 080 | |a 910.4-055.2 |2 MRF | ||
| 080 | |a 910.4 |2 MRF | ||
| 080 | |a (437.3) |2 MRF | ||
| 080 | |a (100) |2 MRF | ||
| 080 | |a (0:82-321.8) |2 MRF | ||
| 080 | |a (084.12) |2 MRF | ||
| 100 | 1 | |a Ramba, Tereza, |d 1989- |7 js20081126002 |4 aut | |
| 245 | 1 | 0 | |a Dobrodruhům / |c Tereza Ramba |
| 246 | 3 | |a Dobro druhům | |
| 250 | |a 1. vydání | ||
| 264 | 1 | |a V Brně : |b BizBooks, |c 2020 | |
| 300 | |a 317 stran : |b ilustrace (převážně barevné), portréty ; |c 24 cm + |e 1 záložka (15 x 11 cm) | ||
| 336 | |a text |b txt |2 rdacontent | ||
| 336 | |a statický obraz |b sti |2 rdacontent | ||
| 337 | |a bez média |b n |2 rdamedia | ||
| 338 | |a svazek |b nc |2 rdacarrier | ||
| 520 | 2 | |a Autorka, herečka a cestovatelka, za dva roky navštívila dvacet zemí a rozepsala se o jejich známých i nečekaných podobách. |b Své zážitky kombinuje s autentickými fotografiemi a ilustracemi. Nakladatelská anotace. Kráceno. | |
| 600 | 1 | 7 | |a Ramba, Tereza, |d 1989- |7 js20081126002 |2 czenas |
| 648 | 7 | |a 20.-21. století |7 ch462155 |2 czenas | |
| 650 | 0 | 7 | |a herečky |7 ph120685 |z Česko |y 20.-21. století |2 czenas |
| 650 | 0 | 7 | |a cestovatelky |7 ph228447 |z Česko |y 20.-21. století |2 czenas |
| 650 | 0 | 7 | |a cestování |7 ph119114 |z země světa |2 czenas |
| 650 | 0 | 9 | |a actresses |z Czechia |y 20th-21st centuries |2 eczenas |
| 650 | 0 | 9 | |a women travellers |z Czechia |y 20th-21st centuries |2 eczenas |
| 650 | 0 | 9 | |a travelling |z countries of the world |2 eczenas |
| 655 | 7 | |a cestopisné prózy |7 fd205190 |2 czenas | |
| 655 | 7 | |a fotografické publikace |7 fd132276 |2 czenas | |
| 655 | 9 | |a travel prose |2 eczenas | |
| 655 | 9 | |a photographical works |2 eczenas | |
| 900 | |a ABA001 |b 19 | ||
| 928 | 9 | |a Albatros Media - BizBooks | |
| 044 | |a xr | ||
| 910 | |a RBIT002 | ||
| 998 | |d 204041 |a https://core.palmknihy.cz/api/books/204041/cover?sh2sxk |b https://core.palmknihy.cz/api/books/204041/cover/400?sh2sxk |c https://core.palmknihy.cz/api/books/204041/cover/50?sh2sxk |e 2030-12-31 |g 320 |i 9788026509202 |k https://core.palmknihy.cz/api/books/204041/preview.pdf |l |q 49 |r 1 |s https://www.palmknihy.cz/kniha/204041 |t ebook |y 2020 |z 0 | ||
| 999 | |d 311139 | ||